even numbers - Statistics

General Stats
  • This quiz has been taken 1,064 times
  • The average score is 16 of 20
Answer Stats
% Correct
2
99%
4
98%
6
98%
12
97%
10
96%
8
96%
14
91%
16
89%
18
87%
20
85%
22
82%
24
80%
26
77%
28
72%
30
66%
32
61%
34
52%
36
48%
38
42%
40
38%
No matching quizzes found
Score Distribution
Percent of People with Each Score
Percentile by Number Answered
Your Score History
You have not taken this quiz